Meu Top 5 Mensal de Artistas do Spotify - Statistics

Estatísticas Gerais
  • Esse quiz foi jogado 28 vezes
    8 desde o último reset
  • A pontuação média é 15 de 60
Estatísticas das Respostas
Classificação Artistas % Correto
4⁰ Março Taylor Swift
86%
1⁰ Janeiro Bad Bunny
57%
3⁰ Maio Bad Bunny
57%
3⁰ Janeiro Charlie Brown Jr
43%
2⁰ Janeiro O Rappa
43%
1⁰ Fevereiro O Rappa
43%
1⁰ Março O Rappa
43%
1⁰ Abril O Rappa
43%
1⁰ Maio O Rappa
43%
2⁰ Junho O Rappa
43%
2⁰ Julho O Rappa
43%
3⁰ Agosto O Rappa
43%
3⁰ Outubro O Rappa
43%
4⁰ Novembro O Rappa
43%
4⁰ Dezembro Henrique e Juliano
29%
2⁰ Dezembro Jorge e Mateus
29%
3⁰ Dezembro Xamã
29%
4⁰ Abril Xamã
29%
2⁰ Maio Xamã
29%
1⁰ Junho Xamã
29%
1⁰ Julho Xamã
29%
2⁰ Agosto Xamã
29%
4⁰ Outubro Xamã
29%
5⁰ Novembro Xamã
29%
2⁰ Setembro ANDERKUNZ
14%
2⁰ Outubro ANDERKUNZ
14%
2⁰ Novembro ANDERKUNZ
14%
1⁰ Dezembro Bob Marley
14%
5⁰ Janeiro Bob Marley
14%
5⁰ Fevereiro Bob Marley
14%
3⁰ Abril Di Propósito
14%
3⁰ Julho Jorge Ben Jor
14%
3⁰ Março Juice WRLD
14%
5⁰ Maio Juice WRLD
14%
3⁰ Setembro Juice WRLD
14%
4⁰ Agosto L7NNON
14%
1⁰Agosto Morata
14%
1⁰ Setembro Morata
14%
1⁰ Outubro Morata
14%
1⁰ Novembro Morata
14%
5⁰ Setembro MXZI
14%
4⁰ Setembro Nakama
14%
2⁰ Fevereiro Panic! At The Disco
14%
5⁰ Março Panic! At The Disco
14%
2⁰ Abril Panic! At The Disco
14%
5⁰ Junho Panic! At The Disco
14%
5⁰ Julho Panic! At The Disco
14%
5⁰ Dezembro Pixote
14%
3⁰ Fevereiro Polo G
14%
2⁰ Março Polo G
14%
4⁰ Maio Polo G
14%
4⁰ Junho Polo G
14%
4⁰ Julho Polo G
14%
5⁰ Agosto Polo G
14%
5⁰ Outubro Polo G
14%
3⁰ Novembro Polo G
14%
4⁰ Janeiro Rael
14%
5⁰ Abril Rael
14%
3⁰ Junho Rael
14%
4⁰ Fevereiro Seu Jorge
14%
Nenhum quiz correspondente encontrado
Distribuição das Pontuações
Porcentagem de Pessoas com Cada Pontuação
Percentil de Números Respondidos
Sua Pontuação Histórica
Você não jogou esse quiz desde o último reset